Bible Name Chain - Statistics

General Stats
  • This quiz has been taken 1,522 times
  • The average score is 23 of 33
Answer Stats
Hint Answer % Correct
Messiah Jesus
99%
Mother of Jesus Mary
93%
Built the ark Noah
93%
First son of Adam Cain
92%
First Woman Eve
92%
Son of Adam Abel
91%
Led the Children of Israel out of Egypt Moses
91%
King who played the harp David
88%
Spent a night in the lions den Daniel
87%
Abraham's son of promise Isaac
84%
King who tried to kill Jesus as a baby Herod
83%
Disciple known for doubting Thomas
83%
Strong man Samson
82%
Man who escaped Sodom Lot
75%
Married Boaz Ruth
73%
Son of Noah Ham
71%
Wife of Isaac Rebekah
70%
Queen who saved her people Esther
68%
God gave Jacob a new name Israel
68%
Prophet who annointed Saul & David Samuel
67%
Son of Noah Shem
67%
King of Babylon Nebuchadnezzar
64%
Son of Jacob whose tribe became the priests Levi
63%
Samuel's mother Hannah
62%
Sister of Mary & Lazarus Martha
62%
Great-grandfather of Joseph Abraham
59%
First son of Abraham Ishmael
59%
Doctor friend of Paul Luke
59%
Minor prophet Haggai
36%
Brother of Rebekah Laban
35%
Went to Moab to escape a famine Naomi
34%
The sun went backward for this king Hezekiah
25%
Seller of purple Lydia
23%
No matching quizzes found
Score Distribution
Percent of People with Each Score
Percentile by Number Answered
Your Score History
You have not taken this quiz